| 000 | 00762 a2200229 4500 | ||
|---|---|---|---|
| 003 | 0 | ||
| 005 | 20170118110622.0 | ||
| 008 | 170118b xxu||||| |||| 00| 0 eng d | ||
| 040 |
_aBUAC _bFre _cBEPAC |
||
| 110 | _aCentre National D’Études et D'Expérimentation de Machine Agricole | ||
| 130 | _lFr. | ||
| 245 |
_aLivre du Maître Réglage et Entretien des Matériels Agricoles _b: tracteurs et machines agricoles _c/ par Centre National D’Études et D'Expérimentation de Machine Agricole |
||
| 260 | _aParis : | ||
| 260 |
_bCNEEMA, _c1965 |
||
| 300 |
_a225 p. _bfig. ; _c29 cm |
||
| 440 | _vtome 4 | ||
| 650 | _aMachine agricole | ||
| 700 | _aFrance, Ministère de l'agriculture | ||
| 942 | _cLIVR | ||
| 999 |
_c11512 _d11512 |
||